000 00720nam a2200241 a 4500
001 BRL_1017
005 20190320211009.0
008 311013s1973----mx-#######---#000-0#spa-#
041 _aspa
044 _amx
050 4 _aHT1048
_b.M45 1973
100 1 _aMellafe, Rolando
_925590
245 1 0 _aBreve historia de la esclavitud negra en América Latina
_cRolando Mellafe.
260 _aMéxico
_bSecretaría de Educación Pública
_c1973
300 _a191 p.
_c17 cm.
440 0 _aSepsetentas
_922717
500 _aAu1119
504 _aBibliografía: p. 168-190
650 1 4 _aEsclavitud
_xHistoria
_zAmérica Latina
_925591
650 1 4 _aNegros
_xEsclavitud
_zAmérica Latina
_925592
902 _aGRL
942 _2lcc
_cB
999 _c9829
_d9829